[Event "Sao Paulo Carnaval op"]
[Site "Sao Paulo"]
[Date "2025.03.01"]
[Round "2"]
[White "Ferreira, Murilo Batista"]
[Black "Vicentini, Luis Felipe Baron"]
[Result "0-1"]
[WhiteElo "1833"]
[BlackElo "1726"]
[PlyCount "82"]
[EventDate "2025.03.01"]
[EventType "swiss (rapid)"]
[EventRounds "6"]
[EventCountry "BRA"]
[SourceTitle "CB10_2025"]
[SourceDate "2025.03.05"]
[SourceVersion "1"]
[SourceVersionDate "2025.03.05"]
[SourceQuality "1"]

1. e4 c6 2. Nf3 d5 3. Nc3 dxe4 4. Nxe4 Nf6 5. Qe2 Nxe4 6. Qxe4 Qd5 7. Qf4 Bf5 8. Bc4 Qe4+ 9. Qxe4 Bxe4 10. Bxf7+ Kd8 11. d3 Bxf3 12. gxf3 Nd7 13. f4 e5 14. Rg1 g6 15. Bb3 Bd6 16. fxe5 Nxe5 17. Bg5+ Kc7 18. Ke2 Rae8 19. Be3 Rhf8 20. Rae1 Nf3 21. Rg4 Nxe1 22. Kxe1 Bc5 23. Ke2 Bxe3 24. fxe3 Rf6 25. e4 Ref8 26. Rg2 Rf4 27. c4 c5 28. Bc2 a6 29. a3 b5 30. b4 cxb4 31. axb4 bxc4 32. d4 Kb6 33. d5 Kb5 34. e5 Rd4 35. d6 Rd5 36. Rg5 Re8 37. Ke3 Rexe5+ 38. Rxe5 Rxe5+ 39. Kd4 Re8 40. Kd5 Kxb4 41. Kc6 a5 0-1

[Event "Sao Paulo Hebraica op 33rd"]
[Site "Sao Paulo"]
[Date "2024.06.30"]
[Round "5"]
[White "Vicentini, Luis Felipe Baron"]
[Black "Gueleres, Alexandre Zaminato"]
[Result "0-1"]
[WhiteElo "1735"]
[BlackElo "1842"]
[PlyCount "90"]
[EventDate "2024.06.28"]
[EventType "swiss"]
[EventRounds "6"]
[EventCountry "BRA"]
[SourceTitle "CBM 221 Extra"]
[Source "ChessBase"]
[SourceDate "2024.09.30"]
[SourceVersion "1"]
[SourceVersionDate "2024.09.30"]
[SourceQuality "1"]

1. e4 c5 2. Nf3 e6 3. d3 Nc6 4. g3 d5 5. Qe2 dxe4 6. dxe4 Nf6 7. Bg2 Be7 8. 0-0 0-0 9. Rd1 Qc7 10. e5 Nd7 11. Bf4 Rb8 12. Nbd2 b5 13. Ne4 Nb6 14. Nf6+ gxf6 15. exf6 e5 16. fxe7 Qxe7 17. Bh6 Re8 18. Qe4 Qf6 19. Bg5 Qg6 20. Qh4 Bb7 21. Nd2 f5 22. Nb3 Nd4 23. c3 Nf3+ 24. Bxf3 Bxf3 25. Rd2 c4 26. Nc5 Qf7 27. Rd6 Rbc8 28. Rf6 Qh5 29. Ne6 Rc6 30. Nd4 Qxh4 31. Bxh4 Rxf6 32. Nxf3 Rd6 33. Re1 Nd7 34. Nd4 Nc5 35. Nxf5 Rd2 36. Be7 Nd3 37. Re4 Rxf2 38. Rg4+ Kf7 39. Rg7+ Ke6 40. g4 Rxb2 41. Rxh7 Rg8 42. h3 Nf4 43. Rh6+ Rg6 44. Rxg6+ Nxg6 45. h4 Nxe7 0-1